Perfiles habitacionales y condiciones Ambientales : (Record no. 9049)

MARC details
000 -LEADER
campo de control de longitud fija 00473nam a2200145Ia 4500
005 - FECHA Y HORA DE LA ÚLTIMA TRANSACCIÓN
campo de control 20260328101507.0
008 - DATOS DE LONGITUD FIJA--INFORMACIÓN GENERAL
campo de control de longitud fija 260328s9999||||xx |||||||||||||| ||und||
100 ## - ENTRADA PRINCIPAL--NOMBRE DE PERSONA
Nombre de persona Loreto López, Rosalva
245 #0 - MENCIÓN DEL TÍTULO
Título Perfiles habitacionales y condiciones Ambientales :
Resto del título Historia Urbana de Latinoamérica (Siglos XVII - XX) /
Mención de responsabilidad, etc. Rosalva Loreto López
250 ## - MENCION DE EDICION
Mención de edición 1a ed.
260 ## - PUBLICACIÓN, DISTRIBUCIÓN, ETC.
Nombre del editor, distribuidor, etc. Benemérita Universidad Autónoma de Puebla
300 ## - DESCRIPCIÓN FÍSICA
Extensión 390 p.
650 ## - PUNTO DE ACCESO ADICIONAL DE MATERIA--TÉRMINO DE MATERIA
Término de materia o nombre geográfico como elemento de entrada URBANISMO
942 ## - ELEMENTOS DE ENTRADA SECUNDARIOS (KOHA)
Tipo de ítem Koha Libros
Holdings
Estatus retirado Estado de pérdida Estado de daño No para préstamo Colección Biblioteca de origen Biblioteca actual Ubicación en estantería Fecha de adquisición Número de inventario Total de préstamos Signatura topográfica completa Código de barras Visto por última vez Copia número Precio de reemplazo Tipo de ítem Koha
        General Biblioteca Gonzalo Peláez Caldas Biblioteca Gonzalo Peláez Caldas Colección general 28/03/2026 2848   711.9 L 888 2848 28/03/2026 1 28/03/2026 Libros